Kurzové rozdiely v účtovníctve podnikateľov

Vplyv kurzových rozdielov na účtovníctvo podnikateľov. Príklad účtovania preddavku a vyúčtovanie kurzových rozdielov. Účtovanie dovozu materiálu, služieb a predaja výrobkov.

Salvato in:
Dettagli Bibliografici
Autore principale: Polakovič, Karol
Natura: Capitolo di libro
Lingua:slovacco
Soggetti:
Tags: Aggiungi Tag
Nessun Tag, puoi essere il primo ad aggiungerne!!

MARC

LEADER 00000naa a2200000 4500
001 r021666
005 20230811094511.5
041 0 |a slo 
044 |a SK 
245 1 0 |a Kurzové rozdiely v účtovníctve podnikateľov  |c Karol Polakovič 
520 |a Vplyv kurzových rozdielov na účtovníctvo podnikateľov. Príklad účtovania preddavku a vyúčtovanie kurzových rozdielov. Účtovanie dovozu materiálu, služieb a predaja výrobkov. 
610 2 0 |a účtovníctvo 
610 2 0 |a podnikatelia 
610 2 0 |a kurz valutový 
610 2 0 |a účtovanie 
610 2 0 |a rozdiely kurzové 
610 2 0 |a preddavky 
610 2 0 |a dovoz 
610 2 0 |a materiál 
610 2 0 |a služby 
610 2 0 |a predaj 
610 2 0 |a výrobky 
100 1 |a Polakovič, Karol